Pays et Capitales du monde - Statistiques

Statistiques générales
  • Ce quiz a été pris 22 015 fois
  • Le résultat moyen est 247 sur 392
Réponses sur la Carte
Les réponses sont colorées sur une échelle allant du rouge au vert en fonction du pourcentage des utilisateurs qui les ont devinées à leur premier essai. Vous pouvez retrouver ces pourcentages ci-dessous.
 
Statistiques - réponses
Hint Réponse % Correct
France France
89%
France Paris
89%
United States États-Unis
88%
Canada Canada
87%
United States Washington
87%
Algeria Alger
85%
Spain Espagne
85%
Spain Madrid
85%
Mexico Mexique
85%
Brazil Brésil
84%
Mexico Mexico
84%
Russia Moscou
84%
Portugal Portugal
84%
Russia Russie
84%
Germany Allemagne
83%
Italy Italie
83%
Portugal Lisbonne
83%
United Kingdom Londres
83%
Canada Ottawa
83%
Italy Rome
83%
United Kingdom Royaume-Uni
83%
Austria Vienne
83%
Argentina Argentine
82%
Germany Berlin
82%
Brazil Brasilia
82%
China Chine
82%
Ireland Irlande
82%
Sweden Suède
82%
Tunisia Tunis
82%
Australia Australie
81%
Denmark Danemark
81%
Morocco Maroc
81%
Norway Norvège
81%
Algeria Algérie
80%
Belgium Belgique
80%
Chile Chili
80%
Finland Finlande
80%
India Inde
80%
Iceland Islande
80%
Japan Japon
80%
China Pékin
80%
Switzerland Suisse
80%
Belgium Bruxelles
79%
Ireland Dublin
79%
Egypt Égypte
79%
Luxembourg Luxembourg
79%
Norway Oslo
79%
Poland Pologne
79%
Japan Tokyo
79%
Ukraine Ukraine
79%
South Africa Afrique du Sud
78%
Argentina Buenos Aires
78%
Greece Grèce
78%
Netherlands Pays-Bas
78%
Peru Pérou
78%
Turkey Turquie
78%
Austria Autriche
77%
Australia Canberra
77%
Colombia Colombie
77%
South Korea Corée du Sud
77%
Cuba Cuba
77%
Ukraine Kiev
77%
Tunisia Tunisie
77%
Uruguay Uruguay
77%
Netherlands Amsterdam
76%
Greece Athènes
76%
Switzerland Berne
76%
Denmark Copenhague
76%
North Korea Corée du Nord
76%
Estonia Estonie
76%
Egypt Le Caire
76%
Latvia Lettonie
76%
Lithuania Lituanie
76%
Madagascar Madagascar
76%
Panama Panama
76%
South Africa Pretoria / Le Cap / Bloemfontein
76%
Romania Roumanie
76%
Sweden Stockholm
76%
Saudi Arabia Arabie Saoudite
75%
Bolivia Bolivie
75%
Croatia Croatie
75%
Finland Helsinki
75%
Hungary Hongrie
75%
Mongolia Mongolie
75%
India New Delhi
75%
Paraguay Paraguay
75%
Democratic Republic of the Congo République Démocratique du Congo / RDC
75%
Belarus Biélorussie
74%
Ecuador Équateur
74%
Indonesia Indonésie
74%
Iraq Irak
74%
Iran Iran
74%
Libya Libye
74%
Mali Mali
74%
New Zealand Nouvelle-Zélande
74%
Morocco Rabat
74%
Republic of the Congo République du Congo / Congo
74%
South Korea Séoul
74%
Poland Varsovie
74%
Venezuela Venezuela
74%
Albania Albanie
73%
Hungary Budapest
73%
Bulgaria Bulgarie
73%
Czech Republic République Tchèque / Tchéquie
73%
Slovakia Slovaquie
73%
Turkey Ankara
72%
Romania Bucarest
72%
Guatemala Guatemala
72%
Kazakhstan Kazakhstan
72%
Peru Lima
72%
Niger Niger
72%
Pakistan Pakistan
72%
Senegal Sénégal
72%
Serbia Serbie
72%
Slovenia Slovénie
72%
Thailand Thaïlande
72%
Vietnam Viêt Nam
72%
United Arab Emirates Émirats Arabes Unis
71%
Guyana Guyana
71%
Israel Israël
71%
Malta Malte
71%
Nigeria Nigeria
71%
Iceland Reykjavik
71%
Sudan Soudan
71%
Yemen Yémen
71%
Afghanistan Afghanistan
70%
Bosnia and Herzegovina Bosnie-Herzégovine
70%
Cyprus Chypre
70%
Ethiopia Éthiopie
70%
Guinea Guinée
70%
Kosovo Kosovo
70%
North Macedonia Macédoine du Nord
70%
Philippines Philippines
70%
Somalia Somalie
70%
Suriname Suriname
70%
Croatia Zagreb
70%
Andorra Andorre
69%
Colombia Bogotá
69%
Costa Rica Costa Rica
69%
Haiti Haïti
69%
Honduras Honduras
69%
Kenya Kenya
69%
Lebanon Liban
69%
Mauritania Mauritanie
69%
Moldova Moldavie
69%
Montenegro Monténégro
69%
Oman Oman
69%
Czech Republic Prague
69%
Qatar Qatar
69%
Chile Santiago
69%
Bulgaria Sofia
69%
Syria Syrie
69%
Cameroon Cameroun
68%
Cote d'Ivoire Côte d'Ivoire
68%
Bangladesh Dacca
68%
Jamaica Jamaïque
68%
Jordan Jordanie
68%
Cuba La Havane
68%
Laos Laos
68%
Nepal Népal
68%
Nicaragua Nicaragua
68%
Uzbekistan Ouzbékistan
68%
South Sudan Soudan du Sud
68%
Sri Lanka Sri Lanka
68%
Togo Togo
68%
Angola Angola
67%
Belize Belize
67%
Cambodia Cambodge
67%
Georgia Géorgie
67%
Israel Jérusalem / Tel-Aviv
67%
Bolivia La Paz / Sucre
67%
Malaysia Malaisie
67%
Belarus Minsk
67%
Uruguay Montevideo
67%
Dominican Republic République Dominicaine
67%
Latvia Riga
67%
El Salvador Salvador
67%
Chad Tchad
67%
Turkmenistan Turkménistan
67%
Vatican City Vatican
67%
Armenia Arménie
66%
Azerbaijan Azerbaïdjan
66%
Bahamas Bahamas
66%
Bangladesh Bangladesh
66%
Benin Bénin
66%
Myanmar Birmanie / Myanmar
66%
Djibouti Djibouti
66%
Eritrea Érythrée
66%
Guinea-Bissau Guinée-Bissau
66%
Kuwait Koweït
66%
Monaco Monaco
66%
Papua New Guinea Papouasie-Nouvelle- Guinée
66%
San Marino Saint-Marin
66%
Zambia Zambie
66%
Zimbabwe Zimbabwe
66%
Cape Verde Cap-Vert
65%
Gabon Gabon
65%
Ghana Ghana
65%
Indonesia Jakarta
65%
Malta La Valette
65%
Lesotho Lesotho
65%
Mozambique Mozambique
65%
Namibia Namibie
65%
North Korea Pyongyang
65%
Central African Republic République Centrafricaine / Centrafrique
65%
Rwanda Rwanda
65%
Taiwan Taïwan
65%
Estonia Tallinn
65%
Tanzania Tanzanie
65%
Lithuania Vilnius
65%
Thailand Bangkok
64%
Burkina Faso Burkina Faso
64%
Equatorial Guinea Guinée Équatoriale
64%
Kyrgyzstan Kirghizistan
64%
Tajikistan Tadjikistan
64%
Botswana Botswana
63%
Mauritius Maurice
63%
Bosnia and Herzegovina Sarajevo
63%
Seychelles Seychelles
63%
Albania Tirana
63%
New Zealand Wellington
63%
Iraq Bagdad
62%
Serbia Belgrade
62%
Bhutan Bhoutan
62%
Venezuela Caracas
62%
Comoros Comores
62%
Eswatini Eswatini
62%
Fiji Fidji
62%
Liberia Liberia
62%
Uganda Ouganda
62%
Mongolia Oulan-Bator
62%
Ecuador Quito
62%
Sierra Leone Sierra Leone
62%
Iran Téhéran
62%
Slovakia Bratislava
61%
Senegal Dakar
61%
Slovenia Ljubljana
61%
Philippines Manille
61%
Saudi Arabia Riyad
61%
Lebanon Beyrouth
60%
Burundi Burundi
60%
Federated States of Micronesia États Fédérés de Micronésie / Micronésie
60%
Gambia Gambie
60%
Liechtenstein Liechtenstein
60%
Malawi Malawi
60%
Maldives Maldives
60%
São Tomé and Príncipe Sao Tomé
60%
São Tomé and Príncipe Sao Tomé-et-Principe
60%
Mali Bamako
59%
Qatar Doha
59%
Afghanistan Kaboul
59%
Democratic Republic of the Congo Kinshasa
59%
Singapore Singapour
59%
Libya Tripoli
59%
United Arab Emirates Abou Dabi
58%
Andorra Andorre-la- Vieille
58%
Vietnam Hanoï
58%
Jamaica Kingston
58%
Saint Vincent and the Grenadines Kingstown
58%
Cyprus Nicosie
58%
Saint Lucia Sainte-Lucie
58%
Paraguay Asunción
57%
Republic of the Congo Brazzaville
57%
Syria Damas
57%
Marshall Islands Îles Marshall
57%
Pakistan Islamabad
57%
Kiribati Kiribati
57%
Kenya Nairobi
57%
Tonga Tonga
57%
Madagascar Antananarivo
56%
Moldova Chișinău
56%
Dominica Dominique
56%
Haiti Port-au-Prince
56%
Samoa Samoa
56%
North Macedonia Skopje
56%
Vanuatu Vanuatu
56%
Bahrain Bahreïn
55%
Solomon Islands Îles Salomon
55%
Malaysia Kuala Lumpur
55%
Saint Kitts and Nevis Saint-Christophe- et-Niévès
55%
Saint Vincent and the Grenadines Saint-Vincent-et-les- Grenadines
55%
Tuvalu Tuvalu
55%
Barbados Barbade
54%
Brunei Brunei
54%
Nauru Nauru
54%
Palau Palaos
54%
Kosovo Pristina
54%
El Salvador San Salvador
54%
Taiwan Taipei
54%
East Timor Timor Oriental
54%
Trinidad and Tobago Trinité-et-Tobago
54%
Nepal Katmandou
53%
Kazakhstan Noursoultan
53%
Montenegro Podgorica
53%
Georgia Tbilissi
53%
Liechtenstein Vaduz
53%
Antigua and Barbuda Antigua-et-Barbuda
52%
Azerbaijan Bakou
52%
Armenia Erevan
52%
Guyana Georgetown
52%
Dominican Republic Saint-Domingue
52%
Costa Rica San José
52%
Guinea-Bissau Bissau
51%
Gabon Libreville
51%
Burkina Faso Ouagadougou
51%
Yemen Sanaa
51%
Cameroon Yaoundé
51%
Grenada Grenade
50%
Ethiopia Addis-Abeba
49%
Jordan Amman
49%
Sierra Leone Freetown
49%
Cambodia Phnom Penh
49%
Cote d'Ivoire Yamoussoukro
49%
Bahamas Nassau
48%
Suriname Paramaribo
48%
Honduras Tegucigalpa
48%
Laos Vientiane
48%
Sudan Khartoum
47%
Nicaragua Managua
47%
Ghana Accra
46%
Belize Belmopan
46%
Togo Lomé
46%
Oman Mascate
46%
Guinea Conakry
45%
Angola Luanda
45%
Maldives Malé
45%
Uzbekistan Tachkent
45%
Kyrgyzstan Bichkek
44%
Mauritania Nouakchott
44%
Seychelles Victoria
44%
Somalia Mogadiscio
43%
Niger Niamey
43%
Trinidad and Tobago Port-d'Espagne
43%
Mauritius Port-Louis
43%
Nigeria Abuja
42%
Rwanda Kigali
42%
Chad Ndjamena
42%
Turkmenistan Achgabat
41%
East Timor Dili
41%
Tajikistan Douchanbé
41%
Zimbabwe Harare
41%
Mozambique Maputo
41%
Benin Porto-Novo
41%
Cape Verde Praia
41%
Namibia Windhoek
41%
Central African Republic Bangui
40%
Papua New Guinea Port Moresby
40%
Eritrea Asmara
39%
Tanzania Dodoma
39%
Bahrain Manama
39%
Bhutan Thimphou
39%
Gambia Banjul
38%
South Sudan Djouba
38%
Botswana Gaborone
38%
Myanmar Naypyidaw
38%
Dominica Roseau
38%
Antigua and Barbuda Saint John's
38%
Sri Lanka Sri Jayawarde- -napura Kotte
38%
Saint Lucia Castries
37%
Uganda Kampala
37%
Malawi Lilongwe
37%
Zambia Lusaka
37%
Eswatini Mbabane
37%
Comoros Moroni
37%
Grenada Saint George's
37%
Saint Kitts and Nevis Basseterre
36%
Liberia Monrovia
36%
Barbados Bridgetown
35%
Lesotho Maseru
35%
Brunei Bandar Seri Begawan
34%
Burundi Gitega
34%
Equatorial Guinea Malabo
34%
Vanuatu Port-Vila
34%
Fiji Suva
34%
Samoa Apia
31%
Tuvalu Funafuti
30%
Federated States of Micronesia Palikir
30%
Nauru Yaren
29%
Tonga Nukuʻalofa
28%
Kiribati Tarawa
28%
Solomon Islands Honiara
27%
Marshall Islands Majuro
27%
Palau Ngerulmud
27%
Aucun quiz correspondant
Distribution des résultats
% des personnes avec chaque résultat
Percentile par nombre de réponses
Votre historique - résultats
Vous n’avez pas pris ce quiz